Ngôn Ngữ, số 1

שמור ב:
מידע ביבליוגרפי
פורמט: לא ידוע
יצא לאור: 2015
תגים: הוספת תג
אין תגיות, היה/י הראשונ/ה לתייג את הרשומה!
Thư viện lưu trữ: Mạng thư viện Đại học Đà Nẵng
LEADER 00664na a2200205 4500
001 000032234
003 8313
005 20151002091323.0
008 151002s2015 000
082 |a 959.74 
245 |a Ngôn Ngữ, số 1  |c Vũ Thị Sao Chi 
260 |c 2015 
OWN |a LNN 
AVA |a UDN50  |b LNN  |d 959.74  |e available  |t Error 5001 Not defined in file expand_doc_bib_avail.  |f 1  |g 0  |h N  |i 0  |k 1 
999 |a From the UDN01 
AVA |a UDN50  |b LNN  |d 959.74  |e available  |t Error 5001 Not defined in file expand_doc_bib_avail.  |f 1  |g 0  |h N  |i 0  |k 1 
TYP |a Printed language 
980 |a Mạng thư viện Đại học Đà Nẵng